[Event "Titled Tuesday intern op 09th Jan Early"]
[Site "Chess.com INT"]
[Date "2024.01.09"]
[Round "2"]
[White "Duda, Jan Krzysztof"]
[Black "Araujo Sanchez, Josue"]
[Result "1-0"]
[WhiteElo "2732"]
[BlackElo "2306"]
[PlyCount "123"]
[EventDate "2024.01.09"]
[EventType "swiss (blitz)"]
[EventRounds "11"]
[EventCountry "USA"]
[SourceTitle "CB03_2024"]
[SourceDate "2024.01.17"]
[SourceVersion "1"]
[SourceVersionDate "2024.01.17"]
[SourceQuality "1"]

1. b4 c6 2. Bb2 Qb6 3. a3 a5 4. c4 axb4 5. c5 Qc7 6. axb4 Rxa1 7. Bxa1 d5 8. cxd6 Qxd6 9. Qa4 Nd7 10. e3 Ngf6 11. Nf3 e6 12. b5 cxb5 13. Bxb5 Be7 14. 0-0 0-0 15. d4 b6 16. Bb2 Qb8 17. Ba3 Bxa3 18. Nxa3 Rd8 19. Rb1 Bb7 20. Be2 Be4 21. Ra1 Nd5 22. Nb5 Nc7 23. Qa7 Nxb5 24. Qxb8 Rxb8 25. Bxb5 Nf6 26. Ne5 Ra8 27. Rc1 g5 28. f3 Bg6 29. e4 g4 30. Rc2 gxf3 31. gxf3 Ra1+ 32. Kf2 Rd1 33. Ke3 Rb1 34. Bd3 Rb3 35. Kd2 Nh5 36. Rc8+ Kg7 37. Rc7 Nf4 38. Bc2 Ra3 39. Rb7 Kf8 40. Rxb6 f6 41. Rb8+ Ke7 42. Rb7+ Ke8 43. Rb8+ Ke7 44. Rb7+ Ke8 45. Nd3 Nxd3 46. Bxd3 Ra2+ 47. Bc2 f5 48. Kc3 fxe4 49. Rb8+ Ke7 50. fxe4 Ra3+ 51. Rb3 Ra4 52. Kd3 Ra2 53. Rc3 Ra1 54. Ke3 Re1+ 55. Kf4 Rh1 56. Ke5 Rxh2 57. Rc7+ Kd8 58. Rc6 Kd7 59. Rd6+ Kc7 60. Bd3 Rh5+ 61. Kxe6 Bf7+ 62. Ke7 1-0

[Event "Titled Tuesday intern op 01st Aug Late"]
[Site "Chess.com INT"]
[Date "2023.08.01"]
[Round "7"]
[White "Lehtosaari, Mauri"]
[Black "Araujo Sanchez, Josue"]
[Result "1-0"]
[WhiteElo "2138"]
[BlackElo "2318"]
[PlyCount "75"]
[EventDate "2023.08.01"]
[EventType "swiss (blitz)"]
[EventRounds "11"]
[EventCountry "USA"]
[SourceTitle "EXT 2024"]
[Source "ChessBase"]
[SourceDate "2023.10.10"]
[SourceVersion "1"]
[SourceVersionDate "2023.10.10"]
[SourceQuality "1"]

1. d4 c6 2. Nf3 d5 3. Bf4 Bf5 4. e3 e5 5. Nxe5 Nf6 6. h3 Bd6 7. Nd2 0-0 8. Be2 Qc7 9. 0-0 c5 10. c3 Nc6 11. Ndf3 Rfe8 12. Bb5 a6 13. Bxc6 bxc6 14. Qa4 Re6 15. Ng5 cxd4 16. Nxe6 fxe6 17. cxd4 c5 18. Qc6 Qxc6 19. Nxc6 Bf8 20. dxc5 Bxc5 21. Rfc1 Bf8 22. Nd4 g6 23. Nxf5 gxf5 24. Rc7 Ne8 25. Rb7 Bg7 26. Rc1 e5 27. Bg3 e4 28. Rd1 Rd8 29. b3 Nd6 30. Bxd6 Rxd6 31. Rc1 Bf8 32. Rc8 f4 33. Kf1 Rf6 34. Ke2 h6 35. Rd7 Rf5 36. b4 f3+ 37. gxf3 exf3+ 38. Kd3 1-0

[Event "Rivera Hernandez Memorial"]
[Site "Rivera Huila"]
[Date "2023.07.20"]
[Round "4"]
[White "Montilla Reyes, Jorcerys"]
[Black "Araujo Sanchez, Josue"]
[Result "1/2-1/2"]
[WhiteElo "2139"]
[BlackElo "2333"]
[PlyCount "84"]
[EventDate "2023.07.19"]
[EventType "swiss"]
[EventRounds "10"]
[EventCountry "COL"]
[SourceTitle "CBM 215 Extra"]
[Source "ChessBase"]
[SourceDate "2023.09.30"]
[SourceVersion "1"]
[SourceVersionDate "2023.09.30"]
[SourceQuality "1"]

1. d4 g6 2. c4 Bg7 3. Nc3 c5 4. d5 Bxc3+ 5. bxc3 f5 6. h4 Nf6 7. Bg5 Ne4 8. Qc1 Qa5 9. Bh6 Rg8 10. Bd2 d6 11. Nf3 Nd7 12. e3 Ndf6 13. Bd3 Bd7 14. Ng5 h6 15. Ne6 Bxe6 16. dxe6 0-0-0 17. Rb1 Qa6 18. f3 Nxd2 19. Qxd2 Qc6 20. Qb2 d5 21. cxd5 Nxd5 22. Kf2 Nc7 23. Bc4 Rd6 24. Rhd1 Rgd8 25. Rxd6 Rxd6 26. h5 gxh5 27. Qc2 b6 28. Qxf5 Qa4 29. Qe4 b5 30. Bxb5 Qxa2+ 31. Be2 Nd5 32. Qg6 Kc7 33. Rb5 Nb6 34. Rxc5+ Kb7 35. Qe4+ Kb8 36. Rc6 Rd2 37. Qe5+ Ka8 38. Qb5 Rb2 39. Qd3 Rd2 40. Qb5 Rb2 41. Qd3 Rd2 42. Qb5 Rb2 1/2-1/2

[Event "Rivera Hernandez Memorial"]
[Site "Rivera Huila"]
[Date "2023.07.19"]
[Round "1"]
[White "Araujo Sanchez, Josue"]
[Black "Ardila, Oscar Humberto"]
[Result "1-0"]
[WhiteElo "2333"]
[BlackElo "1958"]
[PlyCount "97"]
[EventDate "2023.07.19"]
[EventType "swiss"]
[EventRounds "10"]
[EventCountry "COL"]
[SourceTitle "CBM 215 Extra"]
[Source "ChessBase"]
[SourceDate "2023.09.30"]
[SourceVersion "1"]
[SourceVersionDate "2023.09.30"]
[SourceQuality "1"]

1. Nf3 Nf6 2. c4 g6 3. Nc3 Bg7 4. e4 d6 5. d4 0-0 6. Be2 Nbd7 7. Qc2 e5 8. d5 c6 9. 0-0 cxd5 10. cxd5 a5 11. Na4 Rb8 12. Bb5 b6 13. Nd2 Nc5 14. Nxc5 bxc5 15. a4 Bh6 16. Nc4 Bxc1 17. Raxc1 Nh5 18. f3 f5 19. exf5 Bxf5 20. Qd2 Nf4 21. Rc3 Qg5 22. Kh1 Qd8 23. Re3 Ra8 24. g3 Bh3 25. Rf2 Nh5 26. Re1 Ra7 27. Kg1 Rf6 28. Qh6 Raf7 29. Nd2 Bf5 30. f4 Re7 31. fxe5 Rxe5 32. Rxe5 dxe5 33. Qe3 Qe7 34. Be2 Ng7 35. Nc4 e4 36. d6 Rxd6 37. Nxd6 Qxd6 38. g4 Be6 39. Qxe4 h5 40. gxh5 Bf5 41. Qf4 Qb6 42. Bc4+ Kh7 43. hxg6+ Qxg6+ 44. Rg2 Qh5 45. h4 Qd1+ 46. Kh2 Qd7 47. Qe5 Bb1 48. h5 Qd4 49. Rxg7+ 1-0

[Event "Rivera Hernandez Memorial"]
[Site "Rivera Huila"]
[Date "2023.07.19"]
[Round "2"]
[White "Garzon Camelo, Andres Santiago"]
[Black "Araujo Sanchez, Josue"]
[Result "1-0"]
[WhiteElo "2074"]
[BlackElo "2333"]
[PlyCount "131"]
[EventDate "2023.07.19"]
[EventType "swiss"]
[EventRounds "10"]
[EventCountry "COL"]
[SourceTitle "CBM 215 Extra"]
[Source "ChessBase"]
[SourceDate "2023.09.30"]
[SourceVersion "1"]
[SourceVersionDate "2023.09.30"]
[SourceQuality "1"]

1. e4 c6 2. d4 d5 3. Nd2 g6 4. e5 Bg7 5. Bd3 c5 6. c3 Nc6 7. Ngf3 cxd4 8. cxd4 f6 9. exf6 Nxf6 10. 0-0 0-0 11. h3 Nh5 12. Nb3 Qd6 13. Re1 Nf4 14. Bf1 Qf6 15. Ne5 Qh4 16. Be3 Nxe5 17. dxe5 e6 18. g3 Nxh3+ 19. Kg2 Qe4+ 20. f3 Qf5 21. Bd3 Qh5 22. f4 Nxf4+ 23. Bxf4 Qxd1 24. Rexd1 g5 25. Bxg5 Bxe5 26. Rh1 Rf7 27. Raf1 Rg7 28. Rh5 Bd7 29. Bh4 Bxb2 30. Bxh7+ Rxh7 31. Rxh7 Kxh7 32. Rf7+ Kg6 33. Rxd7 b6 34. Nd2 Rc8 35. Nf3 Kf5 36. Rxa7 e5 37. Kh3 e4 38. g4+ Kg6 39. Rb7 Rc6 40. Ne1 Be5 41. Re7 Bf4 42. Rd7 Rc5 43. Bf2 Ra5 44. Kg2 Rxa2 45. Kf1 Rd2 46. Ng2 Bg5 47. Rd6+ Kf7 48. Ne3 Bf4 49. Rxd5 Bxe3 50. Rf5+ Ke6 51. Bxe3 Rb2 52. Rh5 b5 53. Rh6+ Ke5 54. g5 Rb1+ 55. Ke2 Rb2+ 56. Bd2 Rb3 57. Rb6 Kd4 58. g6 Rg3 59. Bh6 e3 60. g7 Rg2+ 61. Kf3 Rf2+ 62. Kg3 Rf1 63. Kg2 e2 64. g8Q e1Q 65. Rd6+ Kc3 66. Bd2+ 1-0

[Event "Caribean-chT Rapid 24th"]
[Site "San Salvador"]
[Date "2023.07.03"]
[Round "4.1"]
[White "Araujo Sanchez, Josue"]
[Black "Cardoso Cardoso, Jose Gabriel"]
[Result "0-1"]
[WhiteElo "2237"]
[BlackElo "2431"]
[PlyCount "90"]
[EventDate "2023.07.03"]
[EventType "tourn (rapid)"]
[EventRounds "15"]
[EventCountry "ESA"]
[SourceTitle "CBM 215 Extra"]
[Source "ChessBase"]
[SourceDate "2023.09.30"]
[SourceVersion "1"]
[SourceVersionDate "2023.09.30"]
[SourceQuality "1"]
[WhiteTeam "Dominican Republic"]
[BlackTeam "Colombia"]
[WhiteTeamCountry "DOM"]
[BlackTeamCountry "COL"]

1. Nf3 d5 2. e3 Nf6 3. c4 e6 4. Nc3 b6 5. d4 Bb7 6. cxd5 exd5 7. Bb5+ c6 8. Bd3 Bd6 9. 0-0 Nbd7 10. e4 dxe4 11. Nxe4 Nxe4 12. Bxe4 0-0 13. Bg5 Be7 14. Bxe7 Qxe7 15. Re1 Qd6 16. Ne5 Nf6 17. Bf3 Rad8 18. Qa4 a6 19. Rad1 Nd5 20. Qb3 b5 21. Nd3 Bc8 22. Nc5 h6 23. Re5 Nf6 24. h3 a5 25. Qc2 a4 26. a3 Rfe8 27. Rxe8+ Rxe8 28. Nd3 Nd5 29. Qc5 Rd8 30. Rc1 Ne7 31. Nb4 Bb7 32. Qb6 Ba8 33. Qc5 Kf8 34. Rc3 g6 35. Re3 Nf5 36. Rd3 Kg8 37. Qxd6 Rxd6 38. Nc2 Bb7 39. g4 Ne7 40. Kf1 Bc8 41. Ke1 Be6 42. Ne3 Kg7 43. Kd1 Bb3+ 44. Kc1 Rf6 45. Nf1 Bc4 0-1

[Event "Titled Tuesday intern op 11th Apr Late"]
[Site "Chess.com INT"]
[Date "2023.04.11"]
[Round "1"]
[White "Bortnyk, Mykola"]
[Black "Araujo Sanchez, Josue"]
[Result "1-0"]
[WhiteElo "2425"]
[BlackElo "2303"]
[PlyCount "65"]
[EventDate "2023.04.11"]
[EventType "swiss (blitz)"]
[EventRounds "11"]
[EventCountry "USA"]
[SourceTitle "CBM 213 Extra"]
[Source "ChessBase"]
[SourceDate "2023.05.31"]
[SourceVersion "1"]
[SourceVersionDate "2023.05.31"]
[SourceQuality "1"]

1. Nf3 c5 2. g3 g6 3. Bg2 Bg7 4. 0-0 Nc6 5. c4 e5 6. Nc3 Nge7 7. d3 0-0 8. Nd2 d6 9. Rb1 Be6 10. a3 d5 11. cxd5 Nxd5 12. Nde4 Nxc3 13. bxc3 Qe7 14. Be3 b6 15. Nxc5 bxc5 16. Bxc6 Rac8 17. Qa4 c4 18. dxc4 Rfd8 19. c5 Rc7 20. Bg2 h5 21. h4 Rdc8 22. c6 Bf8 23. Rb7 Qxa3 24. Qxa3 Bxa3 25. Ra1 Bd6 26. Raxa7 Kf8 27. Bb6 Rxc6 28. Bxc6 Rxc6 29. Ba5 Rc4 30. Bc7 Bc5 31. Ra8+ Ke7 32. Bxe5+ Bd7 33. Bd4 1-0

[Event "Titled Tuesday intern op 11th Apr Late"]
[Site "Chess.com INT"]
[Date "2023.04.11"]
[Round "3"]
[White "Martinez Alcantara, Jose Eduardo"]
[Black "Araujo Sanchez, Josue"]
[Result "1-0"]
[WhiteElo "2607"]
[BlackElo "2303"]
[PlyCount "41"]
[EventDate "2023.04.11"]
[EventType "swiss (blitz)"]
[EventRounds "11"]
[EventCountry "USA"]
[SourceTitle "CBM 213 Extra"]
[Source "ChessBase"]
[SourceDate "2023.05.31"]
[SourceVersion "1"]
[SourceVersionDate "2023.05.31"]
[SourceQuality "1"]

1. e4 c5 2. Nf3 e6 3. c3 Nf6 4. Bd3 Nc6 5. Bc2 d5 6. e5 Nd7 7. d4 cxd4 8. cxd4 f6 9. exf6 Qxf6 10. 0-0 Bd6 11. Bg5 Qf7 12. Bh4 h6 13. Bg3 Bf4 14. Nc3 a6 15. Re1 Bxg3 16. hxg3 0-0 17. Ba4 b5 18. Bc2 Qh5 19. Rxe6 Nb4 20. Bb3 Nf6 21. Re5 1-0

[Event "Titled Tuesday intern op 28th Mar Early"]
[Site "Chess.com INT"]
[Date "2023.03.28"]
[Round "3"]
[White "Araujo Sanchez, Josue"]
[Black "Van Foreest, Lucas"]
[Result "1-0"]
[WhiteElo "2306"]
[BlackElo "2570"]
[PlyCount "71"]
[EventDate "2023.03.28"]
[EventType "swiss (blitz)"]
[EventRounds "11"]
[EventCountry "USA"]
[SourceTitle "EXT 2024"]
[Source "ChessBase"]
[SourceDate "2023.10.10"]
[SourceVersion "1"]
[SourceVersionDate "2023.10.10"]
[SourceQuality "1"]

1. c4 g5 2. Nc3 Bg7 3. g3 d6 4. Bg2 Nc6 5. d3 g4 6. h3 h5 7. hxg4 hxg4 8. Rxh8 Bxh8 9. e4 Nd4 10. Nge2 c5 11. Be3 e5 12. Nd5 Ne7 13. Bg5 Ndc6 14. Nec3 Be6 15. Qb3 Qd7 16. Nb5 Bxd5 17. cxd5 Nd4 18. Nxd4 exd4 19. 0-0-0 Ng6 20. Rh1 Bg7 21. Bf1 b5 22. Kb1 Rc8 23. Be2 Kf8 24. Qd1 Ne5 25. Bf4 Rb8 26. Bxe5 Bxe5 27. Bxg4 Qe7 28. f4 Bg7 29. Bf5 c4 30. Rh7 c3 31. Qh5 Qf6 32. g4 Re8 33. g5 Qxf5 34. exf5 Re1+ 35. Kc2 Re2+ 36. Qxe2 1-0

[Event "Titled Tuesday intern op 28th Mar Early"]
[Site "Chess.com INT"]
[Date "2023.03.28"]
[Round "1"]
[White "Tabak, Stefan"]
[Black "Araujo Sanchez, Josue"]
[Result "0-1"]
[WhiteElo "2148"]
[BlackElo "2306"]
[PlyCount "62"]
[EventDate "2023.03.28"]
[EventType "swiss (blitz)"]
[EventRounds "11"]
[EventCountry "USA"]
[SourceTitle "EXT 2024"]
[Source "ChessBase"]
[SourceDate "2023.10.10"]
[SourceVersion "1"]
[SourceVersionDate "2023.10.10"]
[SourceQuality "1"]

1. e4 c5 2. Nf3 d6 3. Bb5+ Nd7 4. c4 Ngf6 5. Nc3 g6 6. d3 Bg7 7. 0-0 0-0 8. Ba4 a6 9. Rb1 Nb6 10. Bc2 Bg4 11. h3 Bxf3 12. Qxf3 Nfd7 13. Qe2 Ne5 14. f4 Nc6 15. Be3 Nd7 16. Qd2 Rb8 17. f5 b5 18. Bh6 bxc4 19. dxc4 Nde5 20. Bxg7 Kxg7 21. b3 Qa5 22. fxg6 hxg6 23. Rbd1 Nd4 24. Na4 Qxd2 25. Rxd2 e6 26. Rfd1 f5 27. exf5 gxf5 28. Nc3 Kf6 29. Ne2 Nec6 30. Re1 Rg8 31. Bb1 Nf3+ 0-1

[Event "DOM-ch"]
[Site "Santo Domingo"]
[Date "2023.03.04"]
[Round "7"]
[White "Araujo Sanchez, Josue"]
[Black "Mendez, David"]
[Result "1-0"]
[WhiteElo "2306"]
[BlackElo "2055"]
[PlyCount "87"]
[EventDate "2023.02.24"]
[EventType "swiss"]
[EventRounds "11"]
[EventCountry "DOM"]
[SourceTitle "CBM 213 Extra"]
[Source "ChessBase"]
[SourceDate "2023.05.31"]
[SourceVersion "1"]
[SourceVersionDate "2023.05.31"]
[SourceQuality "1"]

1. c4 e5 2. Nc3 Nf6 3. g3 Be7 4. Bg2 0-0 5. Nf3 d6 6. 0-0 Nc6 7. d4 exd4 8. Nxd4 Ne5 9. b3 h6 10. Bb2 Rb8 11. Qc2 Re8 12. Rad1 Bd7 13. e4 Qc8 14. Rfe1 a6 15. f4 Nc6 16. Nd5 Nxd4 17. Nxe7+ Rxe7 18. Bxd4 Bg4 19. Rc1 Ne8 20. c5 f6 21. cxd6 cxd6 22. Qxc8 Rxc8 23. Rxc8 Bxc8 24. Bb6 Be6 25. Kf2 Kf7 26. Bf3 g6 27. Rc1 Ng7 28. Bc7 Ne8 29. Bd8 Rd7 30. Rc8 d5 31. f5 gxf5 32. Bh5+ Kf8 33. exf5 Bf7 34. Bf3 Nd6 35. Rb8 Kg7 36. g4 Ne4+ 37. Ke3 Nc3 38. Kf4 Nxa2 39. h4 Nc1 40. g5 hxg5+ 41. hxg5 fxg5+ 42. Kxg5 Bg8 43. Bf6+ Kh7 44. Bh5 1-0